| 000 | 00548nam a22001817a 4500 | ||
|---|---|---|---|
| 003 | Ost | ||
| 005 | 20200519112106.0 | ||
| 008 | 200519b ||||| |||| 00| 0 eng d | ||
| 020 | _aNA | ||
| 040 | _cBT-PhCST | ||
| 050 | _a1694 | ||
| 082 |
_222 _a609 |
||
| 245 |
_aThe inventions that changed the world : _ban illustrated guide to man's practical genius through the ages / |
||
| 260 |
_aLondon : _bThe Reader's Digest Association Limited, _cc1982. |
||
| 300 |
_a368 p. : _bill. (some col.) ; _c28 cm. |
||
| 500 | _aIncludes index. | ||
| 942 |
_2ddc _cHIS |
||
| 999 |
_c7773 _d7773 |
||